| 000 | 01455nam a2200277Ia 4500 | ||
|---|---|---|---|
| 999 |
_c50697 _d50697 |
||
| 001 | 17648 | ||
| 003 | GE_BSU | ||
| 005 | 20200220164059.0 | ||
| 008 | 181216s2014ge xx |||||||||||||| ||geo|| | ||
| 020 | _a978-9941-13-359-6 | ||
| 040 | _cGE_BSU | ||
| 041 | _ageo | ||
| 080 | _a572.7(075.8) პ-74 | ||
| 245 |
_aპრაქტიკული ანთროპოლოგია : _b(სახელმძღვ.) / _cლიანა ბითაძე ; ოთარ ცეცხლაძე ; შორენა ლალიაშვილი ; [და სხვ.] რედ : დიმიტრი კორძაია ; რამაზ შენგელია. |
||
| 264 |
_aთბილისი : _bთბილ. უნ-ტის გამ-ბა, _c2014. |
||
| 300 |
_a360 გვ ; _bსურ ; ნახ ; _c25 სმ. |
||
| 504 | _aბიბლიოგრ.: გვ. 346-358. | ||
| 653 | _a ანთროპოლოგია სახელმძღვანელოები | ||
| 653 | _aბიოლოგია | ||
| 700 |
_aბითაძე, ლიანა _91701 |
||
| 700 |
_aცეცხლაძე, ოთარ _97283 |
||
| 700 |
_aლალიაშვილი, შორენა _91703 |
||
| 700 |
_a კორძაია, დიმიტრი _eრედაქტორი _97284 |
||
| 700 |
_aშენგელია, რამაზ _eრედაქტორი _97285 |
||
| 942 |
_cBK _2udc |
||